| 000 | 02790ncm0a2200409 4500 | ||
|---|---|---|---|
| 001 | RU\NLR\ONIZ\198056 | ||
| 005 | 20260217123804.1 | ||
| 035 | _a(NLR Aleph) 010888685 | ||
| 090 |
_a10539819 _c10539819 |
||
| 100 | _a20140422d2009 |||y0rusy50 ca | ||
| 101 | 0 | _arus | |
| 102 | _aRU | ||
| 125 | _azx | ||
| 128 | _asww | ||
| 145 | 0 | _ab | |
| 200 | 1 |
_aПоэмы _bНоты _eпесни без слов _eдля виолончели и фп. _fЕ. Рушанский |
|
| 210 |
_aСанкт-Петербург _cМФ Санкт-Петербурга _d2009 |
||
| 215 |
_a7, 7, 6 с., 3 парт. (3, 3, 2 с.) _d30 см |
||
| 313 | _aСистематизация документа проведена по изданию - Методика классифицирования музыкальных произведений (нотных изданий) по таблицам Библиотечно-библиографических классификаций : метод. рекомендации / Гос. б-ка СССР им. В.И. Ленина.- М., 1977. Индексу ББК методических рекомендаций присваивается код ББК для научных библиотек - LBC/SL | ||
| 327 | 1 |
_a1. Ласковая осень : поэма : (песня без слов) ; _a2. Легенда : поэма : (песня без слов) ; _a3. Письмо : поэма : (песня без слов) |
|
| 464 | 0 |
_12001#$aЛасковая осень$eпоэма$e(песня без слов) _1215##$aС.1-7, 1 парт. (3 с.) _16061#$aВремена года$xМузыкальные интерпретации$2nlr_sh |
|
| 464 | 0 |
_12001#$aЛегенда$eпоэма$e(песня без слов) _1215##$aС.1-7 с., 1 парт. (3 с.) _16061#$aЛегенда$xМузыкальные интерпретации$2nlr_sh |
|
| 464 | 0 |
_12001#$aПисьмо$eпоэма$e(песня без слов) _1215##$aС.1-6 с., 1 парт. (2 с.) _16061#$aПисьмо$xМузыкальные интерпретации$2nlr_sh |
|
| 606 | 1 |
_aПоэма (инструментальная) _yРоссия _z20-21 вв. _jНоты _2nlr_sh |
|
| 608 |
_aПесня без слов _xНоты _yРоссия _z20-21 вв. _2nlr_sh |
||
| 686 |
_aЩ955.6-42-058.3(2Р=Р)я44 _vLBC/SL _2rubbk |
||
| 686 |
_aЩ955.6-42-051(2Р=Р)я44 _vLBC/SL _2rubbk |
||
| 700 | 1 |
_6z01790 _aРушанский _bЕ. А. _f1941- _gЕвгений Александрович _4230 _7ca |
|
| 790 | 1 |
_6z01700 _aRuschanskiy _bE. A. _f1941 _gEvgeniy Aleksandrovich _4230 _7ba |
|
| 801 | 0 |
_aRU _bNLR _c20140422 _gPSBO |
|
| 801 | 1 |
_aRU _bNLR _c20140422 _2rusmarc |
|
| 801 | 2 |
_aRU _bNLR _c20230516 |
|
| 852 |
_aNLR _jМ 986/454 _m279344 _t1 |
||
| 942 | _cSCORE | ||
| 980 | _aNB | ||
| 980 | _aONIZ | ||